The Basic of Bitcoins and Blockchains (Record no. 12170)
[ view plain ]
| 000 -LEADER | |
|---|---|
| fixed length control field | 00379nam a22001577a 4500 |
| 003 - CONTROL NUMBER IDENTIFIER | |
| control field | OSt |
| 008 - FIXED-LENGTH DATA ELEMENTS--GENERAL INFORMATION | |
| fixed length control field | 240115b |||||||| |||| 00| 0 eng d |
| 020 ## - INTERNATIONAL STANDARD BOOK NUMBER | |
| International Standard Book Number | 9781642503432 |
| 082 ## - DEWEY DECIMAL CLASSIFICATION NUMBER | |
| Classification number | 332.178 LET |
| 100 ## - MAIN ENTRY--PERSONAL NAME | |
| Personal name | LEWIS,Antony |
| 245 ## - TITLE STATEMENT | |
| Title | The Basic of Bitcoins and Blockchains |
| 250 ## - EDITION STATEMENT | |
| Edition statement | Ed |
| 260 ## - PUBLICATION, DISTRIBUTION, ETC. (IMPRINT) | |
| Place of publication, distribution, etc | New Delhi |
| Name of publisher, distributor, etc | Mango Publication |
| Date of publication, distribution, etc | 2021 |
| 300 ## - PHYSICAL DESCRIPTION | |
| Extent | 408 |
| 942 ## - ADDED ENTRY ELEMENTS (KOHA) | |
| Source of classification or shelving scheme | Dewey Decimal Classification |
| Koha item type | Text Books |
| Withdrawn status | Lost status | Source of classification or shelving scheme | Damaged status | Not for loan | Collection code | Home library | Current library | Date acquired | Source of acquisition | Currency | Cost, normal purchase price | Bill Number | Total Checkouts | Full call number | Acc. no. / Barcode | Date last seen | Actual Cost, discounted price | Bill Date | Koha item type | Date last borrowed |
|---|---|---|---|---|---|---|---|---|---|---|---|---|---|---|---|---|---|---|---|---|
| Dewey Decimal Classification | BCA | PIET C-LIBRARY | PIET C-LIBRARY | 29/12/2023 | Zafaa Books and Distributors | In rupees | 799.00 | ZBD0307 | 332.178 LET | BC2145 | 15/01/2024 | 898.87 | 29/12/2023 | Reference Books | ||||||
| Dewey Decimal Classification | BCA | PIET C-LIBRARY | PIET C-LIBRARY | 29/12/2023 | Zafaa Books and Distributors | In rupees | 799.00 | ZBD0307 | 332.178 LET | BC2146 | 15/01/2024 | 898.87 | 29/12/2023 | Text Books | ||||||
| Dewey Decimal Classification | BCA | PIET C-LIBRARY | PIET C-LIBRARY | 29/12/2023 | Zafaa Books and Distributors | In rupees | 799.00 | ZBD0307 | 3 | 332.178 LET | BC2147 | 27/05/2025 | 898.87 | 29/12/2023 | Text Books | 15/05/2025 |